000
00336nam a2200145Ia 4500
008
100122s9999 xx 000 0 und d
082
_b
5107
_a
823
100
_a
शिखरे दा न
245
_a
जिवलग
260
_c
1924
300
_a
50
630
_a
जिवलग
730
_a
जिवलग
942
_c
BOOK
999
_c
398470
_d
398467